| 000 | 00399nam a2200133Ia 4500 | ||
|---|---|---|---|
| 008 | 210430s9999 xx 000 0 und d | ||
| 082 | _a519.5 H7141 I | ||
| 100 |
_aRobert V. Hogg, Allen T. Craig _9126980 |
||
| 245 |
_aIntroduction to Mathematical Statistics / _cRobert V.Hogg |
||
| 250 | _a4th edition | ||
| 260 |
_aIslamabad _bNational Book Foundation _c1962 |
||
| 300 | _a437p | ||
| 942 |
_cBK _2ddc |
||
| 999 |
_c561520 _d561520 |
||